000 01574nam a2200301 c 4500
003 BLK
005 20180422102116.0
008 180408b bul|||||r ||||||| ||bul||
010 _aKNG00061616000
040 _aBLK
041 _aBUL
_cBUL
080 _aФармакодинамика.Общи принципи на фармакологията - Взаимовръзка между състав,концентрация,дозировка,време и действие на лекарството;синергично(съвместно) и антагонистично действие;дозиране, хомеопатия,
_b615.015
_x
_z615.015
100 1 _aСтанева-Стойчева, Душка
_eпърви автор
_9368165
700 1 _aСтойчев, Цанко Стефанов
_eсъавт.
_9369548
139 _aСтанева-Стойчева, Душка и др.
_bС 68
245 1 0 _aЛекарствени взаимодействия
_bМоногр.
_cДушка Станева-Стойчева; съавт. Цанко Стефанов Стойчев.
257 _aBGR
260 София
_bМедицина и физкултура
_c1984
300 _a280 с.
_bс табл., диагр., сх.
_c22 см
380 _a61
500 _aБиблиогр. след отделните глави ; Предм. показалец
650 4 _aЛекарства - действие на организма
_9249953
852 _aЦб 131373
856 4 _qpdf
_u
856 4 _qpdf
_u
942 _cKNG
_n0
944 _aCR
_c13.06.2004
_kЧиталня
944 _aED
_c28.09.2015
_k
999 _c57610
_d57610